The political economy of populism (Record no. 521137)

000 -LEADER
fixed length control field 01491nam a22001457a 4500
008 - FIXED-LENGTH DATA ELEMENTS--GENERAL INFORMATION
fixed length control field 221216b ||||| |||| 00| 0 eng d
100 ## - MAIN ENTRY--PERSONAL NAME
Personal name Guriev, Sergei and Papaioannou, Elias
245 ## - TITLE STATEMENT
Title The political economy of populism
260 ## - PUBLICATION, DISTRIBUTION, ETC. (IMPRINT)
Place of publication, distribution, etc Journal of Economic Literature
300 ## - PHYSICAL DESCRIPTION
Extent 60(3), Sep, 2022: p.753-832
520 ## - SUMMARY, ETC.
Summary, etc We synthesize the literature on the recent rise of populism. First, we discuss definitions and present descriptive evidence on the recent increase in support for populists. Second, we cover the historical evolution of populist regimes since the late nineteenth century. Third, we discuss the role of secular economic factors related to cross-border trade and automation. Fourth, we review studies on the role of the 2008–09 global financial crisis and subsequent austerity, connect them to historical work covering the Great Depression, and discuss likely mechanisms. Fifth, we discuss studies on identity politics, trust, and cultural backlash. Sixth, we discuss economic and cultural consequences of growth in immigration and the recent refugee crisis. We also discuss the gap between perceptions and reality regarding immigration. Seventh, we review studies on the impact of the internet and social media. Eighth, we discuss the literature on the implications of populism's recent rise. We conclude outlining avenues for further research. – Reproduced
773 ## - HOST ITEM ENTRY
Main entry heading Journal of Economic Literature
906 ## - LOCAL DATA ELEMENT F, LDF (RLIN)
Subject DIP POLITICAL ECONOMY
942 ## - ADDED ENTRY ELEMENTS (KOHA)
Item type Articles
Holdings
Withdrawn status Lost status Source of classification or shelving scheme Damaged status Not for loan Permanent location Current location Date acquired Serial Enumeration / chronology Barcode Date last seen Koha item type
          Indian Institute of Public Administration Indian Institute of Public Administration 2022-12-16 60(3), Sep, 2022: p.753-832 AR127698 2022-12-16 Articles

Powered by Koha